000
00334 a2200145 4500
001
153444
040
_c
Escola São Tomás de Aquino
100
_a
SALDANHA, Paula
240
1
0
_a
Um sonho na Amazônia
_l
por
245
1
0
_a
Um sonho na Amazônia
362
0
_a
1994
440
1
_a
Ediouro
697
_a
*LITERATURA JUVENIL
942
_c
BK
999
_c
153444
_d
153444